000
00483nam a2200181Ia 4500
008
090124s9999 xx 000 0 und d
082
_b
121735
100
_a
हसमनीस द.का.
245
_a
पाऊल खुणा
250
_a
1
260
_c
1986
300
_a
181
600
_a
हसमनीस द.का.
630
_a
पाऊल खुणा
700
_a
हसमनीस द.का.
730
_a
पाऊल खुणा
942
_c
BOOK
999
_c
167821
_d
167821